000 00611nam a22002297a 4500
003 UA-OsUOA
001 48601
007 ta
008 20070907b un ||||| |||| 00| 0 ukr d
100 _aЧендей І.
090 _a821.161.2
_bЧ-43
942 _cBK
040 _aUA-OsUOA
_bukr
_cUA-OsUOA
_dUA-OsUOA
245 _aКалина під снігом
300 _a397 с.
955 _a3
041 _aukr
080 _a821.161.2
260 _aК.
_bРадянський письменник
_c1988
650 7 _a82 Література. Літературознавство
_2UDC
999 _c334718
_d334718